Kompetence sociálního pracovníka: co učí školy a co vyžadují zaměstnavatelé

Súvislosť medzi zručnosťami a znalosťami absolventov škôl sociálnej práce s požiadavkami zamestnávateľov na trhu práce. Kvalifikačné predpoklady a minimálny štandard v sociálnej práci z hľadisla praktických kompetencií sociálneho pracovníka.

Guardado en:
Detalles Bibliográficos
Autor principal: Elichová, Markéta
Otros Autores: Sýkorová, Anna
Formato: Capítulo de libro
Lenguaje:checo
Materias:
Etiquetas: Agregar Etiqueta
Sin Etiquetas, Sea el primero en etiquetar este registro!

MARC

LEADER 00000naa a2200000 4500
001 0199980
005 20221019175532.6
041 0 |a cze 
044 |a CZ 
245 1 0 |a Kompetence sociálního pracovníka: co učí školy a co vyžadují zaměstnavatelé  |c Markéta Elichová 
520 |a Súvislosť medzi zručnosťami a znalosťami absolventov škôl sociálnej práce s požiadavkami zamestnávateľov na trhu práce. Kvalifikačné predpoklady a minimálny štandard v sociálnej práci z hľadisla praktických kompetencií sociálneho pracovníka. 
610 2 0 |a práca sociálna 
610 2 0 |a pracovníci sociálni 
610 2 0 |a profesiografia 
610 2 0 |a trh práce 
610 2 0 |a vzdelávanie 
610 2 0 |a vzdelanie odborné 
610 2 0 |a kompetencie 
100 1 |a Elichová, Markéta 
700 1 |a Sýkorová, Anna